| 000 | 01332cam a2200325 a 4500 | ||
|---|---|---|---|
| 001 | 12511648 | ||
| 003 | NUST-PNEC | ||
| 005 | 20170116180655.0 | ||
| 008 | 010823s2001 maua bf 001 0 eng | ||
| 010 | _a 2001043557 | ||
| 020 | _a0632055723 | ||
| 040 |
_aDLC _cPNEC |
||
| 050 | 0 | 0 |
_aTA685 _b.H39 2001 |
| 082 | 0 | 0 | _a624.1821 HAY |
| 100 | 1 |
_aHayward, Alan _q(Alan T. J.) |
|
| 245 | 1 | 0 |
_aSteel detailers' manual _cAlan Hayward and Frank Weare. |
| 250 | _a2nd ed. / revised by Anthony Oakhill. | ||
| 260 |
_aMalden, MA : _bBlackwell Science, _c2002. |
||
| 300 |
_avi, 167 p. : _bill. ; _c30 cm. |
||
| 500 | _aIncludes Index http://www.amazon.com/s/ref=nb_sb_noss?url=search-alias%3Dstripbooks&field-keywords=0632055723&rh=n%3A283155%2Ck%3A0632055723 | ||
| 504 | _aIncludes bibliographical references (p. [140]-144) and index. | ||
| 650 | 0 |
_aSteel, Structural _vHandbooks, manuals, etc. |
|
| 650 | 0 |
_aBuilding, Iron and steel _vHandbooks, manuals, etc. _xME |
|
| 650 | 0 |
_aBuilding, Iron and steel _xDetails _vHandbooks, manuals, etc. |
|
| 700 | 1 | _aWeare, Frank. | |
| 700 | 1 |
_aOakhill, Anthony, _cC. Eng. |
|
| 906 |
_a7 _bcbc _corignew _d1 _eocip _f20 _gy-gencatlg |
||
| 942 |
_2ddc _cBK |
||
| 999 |
_c60379 _d60379 |
||